Cross Creek / (Record no. 125838)

MARC details
000 -LEADER
campo de control de longitud fija 00599nam a2200181 i 4500
001 - NÚMERO DE CONTROL
campo de control 125838
003 - IDENTIFICADOR DE NÚMERO DE CONTROL
campo de control ES-MaACL
005 - FECHA Y HORA DE LA ÚLTIMA TRANSACCIÓN
campo de control 20230906192716.0
007 - CAMPO FIJO DE DESCRIPCIÓN FÍSICA--INFORMACIÓN GENERAL
campo de control de longitud fija t|
008 - DATOS DE LONGITUD FIJA--INFORMACIÓN GENERAL
campo de control de longitud fija 070214s1966 xxua |||| | eng d
100 1# - ENTRADA PRINCIPAL--NOMBRE DE PERSONA
Nombre de persona Rawlings, Marjorie Kinnan.
9 (RLIN) 95608
245 10 - MENCIÓN DEL TÍTULO
Título Cross Creek /
Mención de responsabilidad, etc. Marjorie Kinnan Rawlings ; with a new introduction by Shirley Ann Grau ; decorations by Edward Shenton.
260 ## - PUBLICACIÓN, DISTRIBUCIÓN, ETC.
Lugar de publicación, distribución, etc. New York :
Nombre del editor, distribuidor, etc. Time Incorporated,
Fecha de publicación, distribución, etc. 1966.
300 ## - DESCRIPCIÓN FÍSICA
Extensión XXI, 380 p. :
Otras características físicas il. ;
Dimensiones 20 cm.
700 1# - ENTRADA AGREGADA--NOMBRE PERSONAL
Nombre de persona Grau, Shirley Ann.
9 (RLIN) 59743
700 1# - ENTRADA AGREGADA--NOMBRE PERSONAL
Nombre de persona Shenton, Edward.
9 (RLIN) 106080
852 ## - LOCALIZACIÓN
Ubicación ES-MaACL
Número de control de estantería G-4063
Holdings
Estatus retirado Estado de pérdida Estado de daño No para préstamo Biblioteca de origen Biblioteca actual Ubicación en estantería Fecha de adquisición Fuente de adquisición Total de préstamos Signatura topográfica completa Código de barras Visto por última vez Precio de reemplazo Tipo de ítem Koha
        Biblioteca del Ateneo de Madrid Biblioteca del Ateneo de Madrid Depósito 2 17/01/2008     G-4063 1131084 23/02/2023 23/02/2023 Libro impreso